000 00383pab a2200157 454500
008 180718b2009 xxu||||| |||| 00| 0 eng d
100 _aHarris, Jerry
245 _aStatist globalization in China, Russia and the Gulf states
260 _c2009
300 _ap.6-33.
362 _aJan
650 _aGlobalization
773 _aScience and Society
908 _aN
909 _a82940
999 _c82940
_d82940